000 01016nam a22002897a 4500
001 5140
003 FISKH
005 20241107123914.0
008 241107b cb ||||| |||| 00| 0 eng d
020 _a9781407142630
040 _aFISKH
_beng
_cFISKH
_dFISKH
050 _aQL467.2
082 _a595.7
100 _aArnold, Nick
245 _aUgly Bugs /
_cby Nick Arnold and Tony De Saulles
260 _aNew York :
_bScholastic ;
_c1996 .
300 _a206 pages :
_billustrations ;
_c20 cm .
490 _aNew Edition Horrible Science
505 _aU
520 _aThis series looks at the nastier side of science. 'Ugly Bugs' looks at some grim families of bugs and tests the theories of disguise. It explains what slugs do with their slime, why flies throw up in your tea, and how insects drink your blood.
521 8 _a840
_bLexile
521 8 _aU
_bRaz-Plus
650 _abiology
_vnon-fiction
700 _aSaulles , Tony De
_eillustrator
942 _2ddc
_cBK
_n0
999 _c5140
_d5140